000
00211 a2200097 4500
001
49633
100
_a
Mulford
245
_a
Thought Forees
260
_a
London
_b
G Bell & sons Limited
_c
090
_c
32148
_d
32148
942
_a
NUST-CAE
_c
M
_c
24612
999
_c
284706
_d
284706